[Event "C'Chartres Blitz op April"]
[Site "Europe Echecs INT"]
[Date "2021.04.10"]
[Round "9"]
[White "Bellahcene, Meriem"]
[Black "Maisuradze, Nino"]
[Result "0-1"]
[WhiteElo "1915"]
[BlackElo "2251"]
[PlyCount "62"]
[EventDate "2021.04.10"]
[EventType "swiss (blitz)"]
[EventRounds "11"]
[EventCountry "FRA"]
[SourceTitle "CBM 201 Extra"]
[Source "ChessBase"]
[SourceDate "2021.05.31"]
[SourceVersion "1"]
[SourceVersionDate "2021.05.31"]
[SourceQuality "1"]

1. e4 c5 2. Nc3 Nc6 3. d3 g6 4. g3 Bg7 5. Bg2 e5 6. f4 exf4 7. Bxf4 d6 8. Nf3 Nge7 9. 0-0 0-0 10. Qd2 d5 11. exd5 Nxd5 12. Bh6 Nxc3 13. bxc3 Be6 14. Bxg7 Kxg7 15. Ng5 Bd5 16. Ne4 b6 17. Qf4 Bxe4 18. Bxe4 Rc8 19. Rf2 f5 20. Bg2 Qe7 21. Bd5 Rfd8 22. Bb3 Rf8 23. Kf1 Rce8 24. d4 cxd4 25. cxd4 Nb4 26. d5 Qc5 27. a3 Nxd5 28. Qf3 Ne3+ 29. Kg1 Ng4 30. Rd1 Re7 31. Qf4 Rfe8 0-1

[Event "C'Chartres Blitz op April"]
[Site "Europe Echecs INT"]
[Date "2021.04.10"]
[Round "8"]
[White "Ternault, Mathieu"]
[Black "Bellahcene, Meriem"]
[Result "1-0"]
[WhiteElo "2308"]
[BlackElo "1915"]
[PlyCount "89"]
[EventDate "2021.04.10"]
[EventType "swiss (blitz)"]
[EventRounds "11"]
[EventCountry "FRA"]
[SourceTitle "CBM 201 Extra"]
[Source "ChessBase"]
[SourceDate "2021.05.31"]
[SourceVersion "1"]
[SourceVersionDate "2021.05.31"]
[SourceQuality "1"]

1. e4 d6 2. Nc3 Nf6 3. d4 Nbd7 4. Nf3 e5 5. Bc4 Be7 6. a4 0-0 7. a5 c6 8. 0-0 exd4 9. Nxd4 Nc5 10. Re1 Bg4 11. f3 Bh5 12. Nf5 Bg6 13. Nxe7+ Qxe7 14. Bg5 h6 15. Bh4 Qe5 16. Bg3 Qh5 17. Qxd6 Rfe8 18. Rad1 Ne6 19. Bxe6 Rxe6 20. Qb4 b5 21. axb6 axb6 22. Qxb6 Rae8 23. Ne2 c5 24. Qb5 R6e7 25. Nf4 Qg5 26. Nxg6 Qxg6 27. Qxc5 Qh5 28. Qxh5 Nxh5 29. Rd2 Rb7 30. c3 Rc8 31. Red1 Kh7 32. Be5 f6 33. Bd6 Rc6 34. g4 Rxd6 35. Rxd6 Nf4 36. R6d2 Nh3+ 37. Kg2 Ng5 38. h4 Nf7 39. f4 Rb5 40. Kf3 Nh8 41. h5 Nf7 42. b4 Rb6 43. Rd7 Nh8 44. Rc7 Kg8 45. Rd8+ 1-0

[Event "C'Chartres Blitz op"]
[Site "Europe Echecs INT"]
[Date "2020.11.28"]
[Round "11"]
[White "Bellahcene, Meriem"]
[Black "Durand, Victor"]
[Result "0-1"]
[WhiteElo "1915"]
[BlackElo "2004"]
[PlyCount "88"]
[EventDate "2020.11.28"]
[EventType "swiss (blitz)"]
[EventRounds "11"]
[EventCountry "FRA"]
[SourceTitle "CBM 199 Extra"]
[Source "ChessBase"]
[SourceDate "2021.01.31"]
[SourceVersion "1"]
[SourceVersionDate "2021.01.31"]
[SourceQuality "1"]

1. e4 e5 2. Bc4 Nc6 3. Nc3 Nf6 4. d3 h6 5. f4 Bb4 6. Nf3 d6 7. f5 d5 8. exd5 Nxd5 9. Bxd5 Qxd5 10. Bd2 Bxc3 11. Bxc3 Bxf5 12. 0-0 Be6 13. Qe2 f6 14. Nh4 0-0-0 15. Rfe1 Nd4 16. Qf2 Rhe8 17. Bb4 Nc6 18. Ba3 Qd4 19. Re3 Qb6 20. Nf3 Nd4 21. Nxd4 Rxd4 22. Rg3 Rd7 23. Re3 Red8 24. Kf1 Rd4 25. Rae1 Rf4 26. Rf3 Qxf2+ 27. Kxf2 Rxf3+ 28. Kxf3 Rd4 29. Bf8 Rf4+ 30. Ke3 Rg4 31. g3 Kd7 32. Kf3 h5 33. h3 Ra4 34. Bxg7 Rxa2 35. Rb1 Bxh3 36. Bxf6 Bg4+ 37. Ke4 Ke6 38. Bxe5 Ra4+ 39. d4 c5 40. c3 Bf5+ 41. Kf4 Bxb1 42. Bb8 cxd4 43. cxd4 Rxd4+ 44. Ke3 Rb4 0-1

[Event "FRA-ch Blitz Online Qual"]
[Site "Europe Echecs INT"]
[Date "2020.05.16"]
[Round "1"]
[White "Bellahcene, Meriem"]
[Black "Baudouin, Moise"]
[Result "1-0"]
[WhiteElo "1936"]
[BlackElo "1135"]
[PlyCount "57"]
[EventDate "2020.05.16"]
[EventType "swiss (blitz)"]
[EventRounds "15"]
[EventCountry "FRA"]
[SourceTitle "CBM 196 Extra"]
[Source "ChessBase"]
[SourceDate "2020.07.31"]
[SourceVersion "1"]
[SourceVersionDate "2020.07.31"]
[SourceQuality "1"]

1. e4 e6 2. d4 d5 3. e5 c5 4. c3 Nc6 5. Nf3 Bd7 6. a3 b6 7. b4 a5 8. b5 Na7 9. a4 cxd4 10. cxd4 Bb4+ 11. Bd2 Qe7 12. Be2 Rc8 13. 0-0 f6 14. Qb3 Ra8 15. Rc1 Bxd2 16. Nbxd2 Nh6 17. Rc7 0-0 18. Rac1 Rac8 19. h3 Qd8 20. Rxc8 Nxc8 21. Qc3 Qe7 22. Nf1 Nf5 23. Ne3 Nxe3 24. Qxe3 f5 25. Qf4 h6 26. Qg3 g5 27. h4 f4 28. Qg4 Qg7 29. hxg5 1-0

[Event "FRA-ch Blitz Online Qual"]
[Site "Europe Echecs INT"]
[Date "2020.05.16"]
[Round "15"]
[White "Bellahcene, Meriem"]
[Black "Duprey, Francois Xavier"]
[Result "1-0"]
[WhiteElo "1936"]
[BlackElo "1613"]
[PlyCount "41"]
[EventDate "2020.05.16"]
[EventType "swiss (blitz)"]
[EventRounds "15"]
[EventCountry "FRA"]
[SourceTitle "CBM 196 Extra"]
[Source "ChessBase"]
[SourceDate "2020.07.31"]
[SourceVersion "1"]
[SourceVersionDate "2020.07.31"]
[SourceQuality "1"]

1. e4 c5 2. Nc3 Nc6 3. g3 Nf6 4. Bg2 g6 5. d3 Bg7 6. f4 d6 7. Nf3 0-0 8. 0-0 Bg4 9. h3 Bxf3 10. Qxf3 Nd4 11. Qf2 a6 12. Be3 e5 13. f5 Qb6 14. Rab1 Qc7 15. g4 b5 16. g5 Nh5 17. Nd5 Qd8 18. f6 Bh8 19. Ne7+ Qxe7 20. fxe7 Rfe8 21. Qxf7# 1-0

[Event "FRA-ch U18 Girls"]
[Site "Hyeres"]
[Date "2019.04.15"]
[Round "3"]
[White "Bellahcene, Meriem"]
[Black "Conti, Anne Marie"]
[Result "1-0"]
[WhiteElo "1883"]
[BlackElo "1809"]
[PlyCount "115"]
[EventDate "2019.04.14"]
[EventType "swiss"]
[EventRounds "9"]
[EventCountry "FRA"]
[SourceTitle "CBM 190 Extra"]
[Source "ChessBase"]
[SourceDate "2019.07.15"]
[SourceVersion "1"]
[SourceVersionDate "2019.07.15"]
[SourceQuality "1"]

1. e4 c6 2. d4 d5 3. exd5 cxd5 4. Bd3 g6 5. Bf4 Bg7 6. c3 Nc6 7. h3 f6 8. Nf3 Nh6 9. 0-0 Nf7 10. Re1 0-0 11. Bg3 Re8 12. Nbd2 e5 13. dxe5 Ncxe5 14. Bb5 Re7 15. Nd4 a6 16. Bf1 Nd6 17. N2f3 Nf5 18. Nxf5 Bxf5 19. Nxe5 fxe5 20. Bh4 Be6 21. Bxe7 Qxe7 22. Be2 Rd8 23. Bg4 Bf7 24. Qd2 Qf6 25. Bd1 Bf8 26. Qe2 Bd6 27. Qf3 Qe7 28. Bb3 e4 29. Qe3 Qe5 30. g3 Qf5 31. Kg2 Be6 32. Rh1 Rf8 33. Rad1 Kg7 34. Bc2 Bb8 35. c4 Rf7 36. g4 Qf3+ 37. Kg1 dxc4 38. Qd4+ Qf6 39. Qxf6+ Rxf6 40. Bxe4 Ba7 41. Rd2 b5 42. Kg2 Bc5 43. Bf3 Bc8 44. Rhd1 Be7 45. Re2 Kf8 46. Rde1 Rf7 47. Bd5 Rg7 48. f4 Bd7 49. Bb7 a5 50. Rd1 Ke8 51. Kf3 b4 52. Rd4 Bb5 53. Re5 Ba4 54. Rxa5 Bc2 55. Ra8+ Kf7 56. Bd5+ Kf6 57. Rxc4 Bd1+ 58. Ke4 1-0

[Event "FRA-ch U16 "]
[Site "Agen"]
[Date "2018.04.17"]
[Round "4"]
[White "Grall, Alba"]
[Black "Bellahcene, Meriem"]
[Result "1-0"]
[WhiteElo "1855"]
[BlackElo "1862"]
[PlyCount "143"]
[EventDate "2018.04.15"]
[EventType "swiss"]
[EventRounds "9"]
[EventCountry "FRA"]
[SourceTitle "EXT 2019"]
[Source "ChessBase"]
[SourceDate "2018.10.10"]
[SourceVersion "1"]
[SourceVersionDate "2018.10.10"]
[SourceQuality "1"]

1. e4 c5 2. Nf3 g6 3. d4 cxd4 4. Nxd4 Bg7 5. c4 Nc6 6. Be3 Nf6 7. Nc3 0-0 8. Be2 d6 9. 0-0 Bd7 10. Qd2 Nxd4 11. Bxd4 Bc6 12. f3 Nd7 13. Be3 Nc5 14. Rab1 a5 15. b3 Qc7 16. Rfc1 Rfc8 17. Rc2 Qd8 18. a3 Nd7 19. Bf1 h5 20. Kh1 Kh7 21. b4 axb4 22. axb4 Ne5 23. b5 Bd7 24. Nd5 Ra3 25. Nb6 Rb8 26. Bf2 Be6 27. Qb4 Ra7 28. Nd7 Rba8 29. Bxa7 Rxa7 30. Nxe5 Bxe5 31. Qd2 Qa8 32. Qg5 Bf6 33. Qc1 Bd4 34. Qd2 Be5 35. Qg5 Bf6 36. Qd2 Be5 37. Qf2 Ra3 38. Qh4 Bf6 39. Qf2 Be5 40. Qh4 Bf6 41. Qf2 Be5 42. Qd2 Ra7 43. Rd1 Ra3 44. Rb1 b6 45. Qf2 Qa7 46. Qd2 Qa8 47. Rcc1 Ra2 48. Rc2 Ra3 49. Rcc1 Ra2 50. Rc2 Ra3 51. Be2 Qa7 52. Rf1 Ra1 53. Rxa1 Qxa1+ 54. Rc1 Qa3 55. Rf1 Qc3 56. Qxc3 Bxc3 57. Rc1 Bd4 58. Rc2 Kg7 59. Bf1 Kf6 60. g3 g5 61. Kg2 Bc5 62. f4 Bc8 63. Bd3 Bb4 64. Rf2 g4 65. Re2 e5 66. Rf2 Ke7 67. Kf1 f6 68. Ra2 Ba5 69. Ke2 Bb7 70. f5 Kd8 71. Ra1 Kc7 72. Rh1 1-0

[Event "FRA-chT Top 12 final (Women)"]
[Site "Asnieres sur Seine"]
[Date "2017.06.25"]
[Round "2.1"]
[White "Cramling, Pia"]
[Black "Bellahcene, Meriem"]
[Result "1-0"]
[WhiteElo "2443"]
[BlackElo "1828"]
[PlyCount "41"]
[EventDate "2017.06.24"]
[EventType "team-match"]
[EventRounds "2"]
[EventCountry "FRA"]
[SourceTitle "CBM 179 Extra"]
[Source "ChessBase"]
[SourceDate "2017.08.23"]
[SourceVersion "1"]
[SourceVersionDate "2017.08.23"]
[SourceQuality "1"]
[WhiteTeam "Monaco (W)"]
[BlackTeam "Bischwiller (W)"]
[WhiteTeamCountry "MNC"]
[BlackTeamCountry "FRA"]

1. d4 d5 2. c4 e6 3. Nf3 c6 4. Qc2 f5 5. g3 Nf6 6. Bg2 Bd6 7. 0-0 0-0 8. Nc3 Ne4 9. Rb1 Qe7 10. b4 a6 11. c5 Bc7 12. Bf4 Bxf4 13. gxf4 Bd7 14. Na4 Ra7 15. Nb6 Qd8 16. a4 Be8 17. Ne5 Bh5 18. Rb3 Nf6 19. Rfb1 Nbd7 20. b5 Qc7 21. Nbxd7 1-0

[Event "FRA-ch U16 Girls"]
[Site "Belfort"]
[Date "2017.04.16"]
[Round "3.3"]
[White "Bellahcene, Meriem"]
[Black "Le Du, Anaelle"]
[Result "1-0"]
[WhiteElo "1919"]
[BlackElo "1535"]
[PlyCount "59"]
[EventDate "2017.04.16"]
[EventType "swiss"]
[EventRounds "9"]
[EventCountry "FRA"]
[SourceTitle "EXT 2019"]
[Source "ChessBase"]
[SourceDate "2018.10.10"]
[SourceVersion "1"]
[SourceVersionDate "2018.10.10"]
[SourceQuality "1"]

1. e4 c5 2. Nf3 Nc6 3. Bb5 d6 4. 0-0 Bd7 5. c3 Nf6 6. Re1 a6 7. Bxc6 Bxc6 8. d3 g6 9. Bg5 Bg7 10. Nbd2 0-0 11. d4 cxd4 12. Nxd4 Rc8 13. h3 Rc7 14. Qe2 Re8 15. Qe3 b5 16. a4 bxa4 17. Nxc6 Rxc6 18. Rxa4 Nd7 19. Rea1 Nc5 20. R4a2 Qc7 21. Bh6 Bf6 22. Qe2 Rb8 23. Be3 Nb3 24. Nxb3 Rxb3 25. Rxa6 Rxa6 26. Rxa6 Kg7 27. Qd2 Qb7 28. Bh6+ Kg8 29. Qe2 Rxb2 30. Qxb2 1-0

[Event "Wch U14 Girls"]
[Site "Khanty-Mansiysk"]
[Date "2016.09.28"]
[Round "6"]
[White "Ulziikhishigjargal, Ochirkhuyag"]
[Black "Bellahcene, Meriem"]
[Result "1-0"]
[WhiteElo "1888"]
[BlackElo "1729"]
[PlyCount "95"]
[EventDate "2016.09.22"]
[EventType "swiss"]
[EventRounds "11"]
[EventCountry "RUS"]
[SourceTitle "EXT 2017"]
[Source "ChessBase"]
[SourceDate "2016.10.25"]
[SourceVersion "1"]
[SourceVersionDate "2016.10.25"]
[SourceQuality "1"]

1. e4 c5 2. Nf3 Nc6 3. d4 cxd4 4. Nxd4 g6 5. Nc3 Bg7 6. Be3 Nf6 7. Bc4 Qa5 8. 0-0 0-0 9. Bb3 d6 10. Nd5 Qd8 11. Nxf6+ Bxf6 12. c3 Bg7 13. f4 Na5 14. Bd5 e6 15. Bb3 Nxb3 16. axb3 d5 17. Nb5 Bd7 18. Nxa7 dxe4 19. Qd6 Re8 20. Rad1 Bc6 21. Nxc6 Qxd6 22. Rxd6 bxc6 23. Rfd1 Rec8 24. Rd7 Bf6 25. g4 Rd8 26. g5 Rxd7 27. Rxd7 Bg7 28. Kf2 h6 29. Ba7 hxg5 30. fxg5 Be5 31. Ke3 Bxh2 32. Kxe4 e5 33. Bc5 Kg7 34. Be7 Bf4 35. Bf6+ Kf8 36. Rc7 Ke8 37. b4 Ra2 38. Re7+ Kf8 39. Rd7 Ra8 40. Rc7 Bc1 41. Rxc6 Bxb2 42. Rc7 Bc1 43. Kd5 Re8 44. Ke4 Bd2 45. b5 Rb8 46. b6 Bxg5 47. b7 Bxf6 48. Rc8+ 1-0

[Event "Wch U14 Girls"]
[Site "Khanty-Mansiysk"]
[Date "2016.09.23"]
[Round "2"]
[White "Ouellet, Maili Jade"]
[Black "Bellahcene, Meriem"]
[Result "1-0"]
[WhiteElo "1992"]
[BlackElo "1729"]
[PlyCount "149"]
[EventDate "2016.09.22"]
[EventType "swiss"]
[EventRounds "11"]
[EventCountry "RUS"]
[SourceTitle "EXT 2017"]
[Source "ChessBase"]
[SourceDate "2016.10.25"]
[SourceVersion "1"]
[SourceVersionDate "2016.10.25"]
[SourceQuality "1"]

1. d4 Nf6 2. c4 c5 3. d5 b5 4. cxb5 a6 5. bxa6 g6 6. Nc3 Bg7 7. e4 0-0 8. Nf3 Qa5 9. Nd2 Bxa6 10. Bxa6 Qxa6 11. Qe2 Qxe2+ 12. Kxe2 e6 13. Nc4 Na6 14. Rd1 exd5 15. exd5 Rfe8+ 16. Kf3 Nb4 17. Be3 Nc2 18. Rac1 Nxe3 19. fxe3 Reb8 20. b3 h5 21. h3 Nh7 22. Na4 Ng5+ 23. Ke2 Ne4 24. Nd2 Rxa4 25. bxa4 Nc3+ 26. Rxc3 Bxc3 27. Rb1 Ra8 28. Ne4 Bb4 29. Nf6+ Kg7 30. Nxd7 Rxa4 31. Rb2 Ra6 32. Nb8 Rd6 33. e4 f5 34. Kd3 Be1 35. Rc2 fxe4+ 36. Kxe4 Rb6 37. Nd7 Rb4+ 38. Ke3 c4 39. Ne5 c3 40. Nf3 Bg3 41. Kd3 Rb5 42. Kc4 Ra5 43. Re2 Kf8 44. Nd4 Bd6 45. Nb3 Ra4+ 46. Kxc3 Kf7 47. Nd4 Ra5 48. Rf2+ Ke8 49. Rf6 Kd7 50. Nf3 Rxd5 51. Rxg6 Ra5 52. Rg7+ Ke6 53. Nd4+ Kf6 54. Rd7 Be5 55. Kb3 Ra6 56. Nb5 Rb6 57. a4 Kf5 58. Kb4 Rg6 59. Rd2 Rb6 60. Rf2+ Kg5 61. a5 Ra6 62. Na3 Rf6 63. Re2 Bd6+ 64. Kb3 Rf4 65. Nc4 Bb8 66. Re8 Ba7 67. Re7 Bd4 68. a6 Rf6 69. Rd7 Bf2 70. Rd5+ Rf5 71. Rd2 Bg1 72. Ra2 Rf2 73. Nd2 Rf7 74. Nf3+ Rxf3+ 75. gxf3 1-0